00000000nam##2200000za#4500
0019.523886
003CaOODSP
00520210615083026
007ta
008150406|1997||||xxc|||||     f|0| 0 eng|d
020 |a0-660-59608-3
022 |a0706-148X
040 |aCaOODSP|beng
041 |aeng
041 |afre
043 |an-cn---
0861 |aS52-2/228-1996
1101 |aCanada.|bPublic Works and Government Services Canada. |bTranslation Services.
24510|aVocabulary of geology. Gitology-metallogeny / |cby Mariette Grandchamp-Tupula.
260 |aOttawa - Ontario : |bPublic Works and Government Services Canada. |c1997.
300 |a476p. ; |c22 cm.
4901 |aTerminology bulletin|x0706-148X|v228
500 |a"Gitology, the study of mineral deposit formation, and metallogeny, the study of metalliferous deposits, are Earth sciences and together constitute a field of mining engineering."--Foreword.
5203 |aTerminology Bulletin 228. Following a request from the Geological Survey of Canada, a project was undertaken to produce a list of terms relating to gitology and metallogeny. This publication is the most recent version of such an undertaking, containing some 2,300 entries, most of which are accompanied by a definition, context or explanatory note. An extremely useful reference tool for not only translators, terminologists and writers but also for anyone interested in mining and the Earth Sciences.
546 |aBilingual
563 |aSoftcover
590 |a97-13|b1997-03-27
69007|aTerminology|2gcpds
69007|aGeology|2gcpds
7201 |aGrandchamp-Tupula, Mariette
7760#|tVocabulaire de géologie. Gîtologie-métallogénie / |w(CaOODSP)9.590562
792 |tVocabulaire de géologie. Gîtologie-métallogénie / |efre|w(CaOODSP)9.523887
830#0|aTerminology bulletin,|x0706-148X|v228|w(CaOODSP)9.509598